00929nam a2200205 a 4500001001000000003000500010005001700015008004100032010001100073011001100084040000900095100003900104245021200143260004100355500006000396502010400456650005100560650004200611856007000653000115469CHAP20220329144536.0190527s2019 mx a sm |||||||spa d a111930 a112902 cCHAP1 aFarfán Chapa, María Antonieta.13aEl movimiento socio-ambiental Tezontlalli vive, de San Mateo Chipiltepec, frente al proyecto del Nuevo Aeropuerto Internacional de la Ciudad de México /h[En línea]cpor María Antonieta Farfán Chapa. aChapingo, Méx. :bEl autor,c2019. aPara ver el contenido del material haga clic en la liga aTesis (M.C. en Desarrollo Rural Regional) -- UACH. Dirección de Centros Regionales Universitarios14aMedio ambientexProtecciónzMéxico (Edo.).14aMovimientos socialesxMéxico (Edo.) aFinding aiduhttp://10.13.5.2/tesis/sist115469.pdfzTeclea aquí